000 00321nam a2200133Ia 4500
008 191201s2007 xx 000 0 und d
100 _aBali, N P
245 0 _aEngineering Mathematics 3rd Sem
250 _a4th
260 _c2007
_bLaxmi Publications
_aN.Delhi
300 _a353
650 _aAPPLIED
942 _2ddc
_cBB
_02
999 _c7176
_d7176